60 Stopni Zachodnie Południk Kraje - Statystyki

Ogólne statystyki
  • Ten quiz został rozwiązany 86 razy
  • Średni wynik to 13 z 20
Statystyki odpowiedzi
stopni kraj % Poprawnych
Brazylia
95%
Argentyna
91%
1.55° Urugwaj
84%
Kanada
83%
Gujana
82%
Paragwaj
82%
Wenezuela
79%
1.24° Dominika
77%
Boliwia
74%
1.92° Surinam
73%
6.90° Kolumbia
70%
0.35° Barbados
61%
0.87° Saint Lucia
58%
1.42° Grenada
57%
2.54° Saint Kitts i Nevis
57%
1.12° Saint Vincent i Grenadyny
56%
0.50° Trynidad i Tobago
56%
1.66° Antigua i Barbuda
51%
Grenlandia
40%
3.01° Sint Maarten
3%
Nie znaleziono quizów pasujących do podanych kryteriów
Rozkład punktacji
Procent ludzi z każdym wynikiem
Percentyl według liczby udzielonych odpowiedzi
Twoja historia wyników
Nie rozwiązałeś tego quizu